01011cam a22002771 4500001001300000003000400013005001700017008004100034010001700075015001900092040001800111043001200129050002200141082001600163111015500179245010400334260005000438300005000488350000900538500005100547504003100598651002300629710004100652700002300693999001700716sa 68002074 DLC20260227112439.0710903s1967 ii ab b 100 0 eng  asa 68002074  aPL480:I-E-9546 aDLCcDLCdDLC aa-ii---00aHB3639b.A55 196400a301.3/29/542 aAll India Seminar on Inter-State and Intra-State Variations in Population Growth Rates and Characteristics,b2d,cInstitute of Economic Growth,d1964.00aPatterns of population change in India, 1951-61;b[proceedings and papers].cEdited by Ashish Bose. aBombay,aNew York,bAllied Publishersc[1967] ali, 403 p.billus., maps (part fold.)c23 cm. aRs30 aOrganized by the Institute of Economic Growth. aBibliographical footnotes. 0aIndiaxPopulation.2 aInstitute of Economic Growth (India)1 aBose, Ashish,eed. c78437d78437